[Event "DVM U14w 2012"]
[Site "Magdeburg GER"]
[Date "2012.12.30"]
[Round "7"]
[White "Wiesner, Paula"]
[Black "Manusina, Nicole"]
[Result "0-1"]
[Termination "normal"]
[Board "1.1"]
[WhiteElo "1817"]
[BlackElo "1772"]
[WhiteTeam "Karlsruher SF 1853"]
[BlackTeam "SG Oesede-Georgsmarienhütte"]
[WhiteFideId "24654019"]
[BlackFideId "24657514"]
[EventCountry "GER"]
[EventRounds "7"]
[EventType "team-swiss"]
[EventDate "2012.12.26"]

1. e4 c6 2. d4 d5 3. Nc3 dxe4 4. Nxe4 Bf5 5. Ng3 Bg6 6. N1e2 e6 7. Nf4 Bd6 8.
Be3 Ne7 9. Qd2 Nd5 10. Nxd5 cxd5 11. c3 Nc6 12. Be2 O-O 13. Nh5 Re8 14. Nf4
Bxf4 15. Bxf4 f6 16. O-O Bf7 17. Rfe1 e5 18. dxe5 fxe5 19. Bg5 Qb6 20. Bf3 e4
21. Be2 h6 22. Be3 Qc7 23. Red1 Rad8 24. Rac1 Qe5 25. Bb5 d4 26. Bxc6 dxe3 27.
Qxd8 Rxd8 28. Rxd8+ Kh7 29. fxe3 bxc6 30. Rcd1 Bd5 31. Ra8 Qg5 32. Kf2 Qh5 33.
Rh1 Bc4 34. Re1 Qh4+ 35. g3 Qxh2# 0-1

[Event "DVM U14w 2012"]
[Site "Magdeburg GER"]
[Date "2012.12.30"]
[Round "7"]
[White "Böhm, Jana"]
[Black "Romanova, Alena"]
[Result "0-1"]
[Termination "normal"]
[Board "1.2"]
[WhiteElo "1701"]
[BlackElo "1590"]
[WhiteTeam "SG Oesede-Georgsmarienhütte"]
[BlackTeam "Karlsruher SF 1853"]
[WhiteFideId "24661589"]
[BlackFideId "12918784"]
[EventCountry "GER"]
[EventRounds "7"]
[EventType "team-swiss"]
[EventDate "2012.12.26"]

1. e4 e6 2. d4 d5 3. Nd2 Nf6 4. e5 Nfd7 5. Bd3 c5 6. c3 Nc6 7. Ne2 cxd4 8. cxd4
f6 9. exf6 Nxf6 10. f4 Bd6 11. O-O O-O 12. Nf3 Qb6 13. Kh1 Ng4 14. Qc2 h6 15.
a3 Nf6 16. Bd2 Bd7 17. Bc3 Rac8 18. Ne5 Qc7 19. Ng6 Rf7 20. Rf3 Ne7 21. Rg1
Nxg6 22. Bxg6 Rff8 23. g4 Be8 24. Bd3 Nd7 25. Qd2 e5 26. dxe5 Bxe5 27. Bf5 Bxc3
28. Rxc3 Qd8 29. Qxd5+ Kh8 30. Rd1 Rxc3 31. Nxc3 Rf7 32. Qxb7 Qb6 33. Qxb6 Nxb6
34. Rd8 Rf8 35. Bg6 Bc6+ 36. Be4 Bxe4+ 37. Nxe4 Rxd8 0-1

[Event "DVM U14w 2012"]
[Site "Magdeburg GER"]
[Date "2012.12.30"]
[Round "7"]
[White "Bykov, Ilona"]
[Black "Hinzke, Anna-Lena"]
[Result "0-1"]
[Termination "normal"]
[Board "1.3"]
[WhiteElo "1126"]
[BlackElo "1458"]
[WhiteTeam "Karlsruher SF 1853"]
[BlackTeam "SG Oesede-Georgsmarienhütte"]
[WhiteFideId "12964433"]
[BlackFideId "12928704"]
[EventCountry "GER"]
[EventRounds "7"]
[EventType "team-swiss"]
[EventDate "2012.12.26"]

1. e4 e6 2. d4 d5 3. Nc3 Bb4 4. Bd3 dxe4 5. Bxe4 Nf6 6. Bf3 O-O 7. Nge2 Nc6 8.
Be3 Nd5 9. O-O Nxe3 10. fxe3 Qg5 11. Qd3 Rd8 12. Ne4 Qe7 13. c3 Ne5 14. Qc2
Nxf3+ 15. Rxf3 Bd6 16. Raf1 f5 17. Nxd6 Rxd6 18. Qb3 Rb6 19. Qc2 Bd7 20. Nf4
Bc6 21. R3f2 Be4 22. Qe2 g6 23. Nd3 Rc8 24. Nc5 Bc6 25. a4 Qe8 26. a5 Rb5 27.
c4 Rxa5 28. Nxb7 Bxb7 29. b3 c5 30. Rd1 Rd8 31. Qd2 Ra6 32. Qc3 e5 33. Rfd2
cxd4 34. exd4 exd4 35. Qf3 Bxf3 36. gxf3 Qe3+ 37. Kg2 Ra1 38. Rxa1 Qxd2+ 39.
Kg3 Qg5+ 40. Kf2 Rd7 41. Rg1 Qxg1+ 42. Kxg1 d3 0-1

[Event "DVM U14w 2012"]
[Site "Magdeburg GER"]
[Date "2012.12.30"]
[Round "7"]
[White "Moses, Selina"]
[Black "Hund, Sarah"]
[Result "1-0"]
[Termination "normal"]
[Board "2.1"]
[WhiteElo "1724"]
[BlackElo "1859"]
[WhiteTeam "Muldental Wilkau-Haßlau"]
[BlackTeam "SK Freiburg Zähringen 1887"]
[WhiteFideId "12908070"]
[BlackFideId "12923338"]
[EventCountry "GER"]
[EventRounds "7"]
[EventType "team-swiss"]
[EventDate "2012.12.26"]

1. e4 e5 2. Nf3 Nc6 3. Nc3 Nf6 4. d4 exd4 5. Nxd4 Bb4 6. Nxc6 bxc6 7. Bd3 O-O
8. O-O d5 9. exd5 cxd5 10. Bg5 c6 11. Na4 Be6 12. f4 Be7 13. f5 Bd7 14. Qf3 c5
15. Nc3 Bc6 16. Qd1 d4 17. Ne2 Nd5 18. Bxe7 Qxe7 19. Nf4 Ne3 20. Qe2 Rfe8 21.
Rf2 c4 22. Bxc4 Qc5 23. Bxf7+ Kxf7 24. Qh5+ Kg8 25. f6 Qxh5 26. Nxh5 Re5 27.
Nxg7 Rg5 28. Ne6 Rxg2+ 29. Rxg2+ Bxg2 30. Nxd4 Bh3 31. Re1 Nf5 32. Ne6 Re8 33.
f7+ Kxf7 34. Ng5+ Kg6 35. Rxe8 Kxg5 36. Ra8 Kf4 37. Rxa7 Nd4 38. c4 Kf3 39.
Rf7+ Ke3 40. Rxh7 Ne2+ 41. Kh1 Bf5 42. Re7+ Kf4 43. Rxe2 1-0

[Event "DVM U14w 2012"]
[Site "Magdeburg GER"]
[Date "2012.12.30"]
[Round "7"]
[White "Lohrmann, Tabea"]
[Black "Simon, Tessa"]
[Result "0-1"]
[Termination "normal"]
[Board "2.2"]
[WhiteElo "1461"]
[BlackElo "1499"]
[WhiteTeam "SK Freiburg Zähringen 1887"]
[BlackTeam "Muldental Wilkau-Haßlau"]
[WhiteFideId "12911941"]
[BlackFideId "12929395"]
[EventCountry "GER"]
[EventRounds "7"]
[EventType "team-swiss"]
[EventDate "2012.12.26"]

1. e4 c5 2. Nf3 Nc6 3. d4 cxd4 4. Nxd4 Nf6 5. Nc3 e5 6. Nb3 Bb4 7. Qd3 d6 8.
Be3 O-O 9. f3 d5 10. exd5 Nxd5 11. O-O-O Nxc3 12. bxc3 Ba3+ 13. Kb1 Qc7 14. Be2
Be6 15. Bc5 Rfd8 16. Qe3 Bxc5 17. Qxc5 b6 18. Qe3 a5 19. Rd3 a4 20. Nd2 Rxd3
21. cxd3 b5 22. Rc1 Qb7 23. Ne4 b4 24. c4 a3 25. Bd1 Rd8 26. Bb3 Bf5 27. Rd1
Nd4 28. Qg5 Qc7 29. Nf6+ Kf8 30. Nd5 Qb8 31. Ne7 f6 32. Qg3 Bd7 33. Qf2 Kxe7
34. c5 Nxb3 35. axb3 Be6 36. Ka2 Rd4 37. Qc2 Qc7 38. Rc1 Qc6 39. Kb1 Kd8 40. g3
Qxf3 41. c6 Qxd3 42. c7+ Kc8 43. Qxd3 Rxd3 44. Kc2 Rc3+ 45. Kb1 Bf5+ 0-1

[Event "DVM U14w 2012"]
[Site "Magdeburg GER"]
[Date "2012.12.30"]
[Round "7"]
[White "Fromm, Katja"]
[Black "Cejda, Cecilia"]
[Result "1-0"]
[Termination "normal"]
[Board "2.3"]
[WhiteElo "1577"]
[BlackElo "1357"]
[WhiteTeam "Muldental Wilkau-Haßlau"]
[BlackTeam "SK Freiburg Zähringen 1887"]
[WhiteFideId "12929409"]
[BlackFideId "12921122"]
[EventCountry "GER"]
[EventRounds "7"]
[EventType "team-swiss"]
[EventDate "2012.12.26"]

1. d4 d5 2. c4 c6 3. Nc3 e6 4. e4 f5 5. exf5 exf5 6. Nf3 Nf6 7. Bg5 Be7 8. Be2
O-O 9. O-O Ne4 10. Bxe7 Qxe7 11. Re1 Nxc3 12. bxc3 Qf6 13. Qb3 Be6 14. Qxb7 Nd7
15. c5 Rfc8 16. Bd3 f4 17. Re2 Bg4 18. Rae1 Bxf3 19. gxf3 Qg5+ 20. Kh1 Nf6 21.
Rg1 Qh6 22. Re6 Re8 23. Qxc6 Rxe6 24. Qxe6+ Kh8 25. c6 Qh5 26. Be2 Re8 27. Qd6
Ne4 28. fxe4 Qxe2 29. Qxf4 Qxe4+ 30. Qxe4 Rxe4 31. Rb1 Re8 32. c7 Kg8 33. Rb8
Rxb8 34. cxb8=Q+ Kf7 35. Qxa7+ 1-0

[Event "DVM U14w 2012"]
[Site "Magdeburg GER"]
[Date "2012.12.30"]
[Round "7"]
[White "Atabay, Hatun"]
[Black "Böhle, Rebecca"]
[Result "1-0"]
[Termination "normal"]
[Board "2.4"]
[WhiteElo "1116"]
[BlackElo "1249"]
[WhiteTeam "SK Freiburg Zähringen 1887"]
[BlackTeam "Muldental Wilkau-Haßlau"]
[WhiteFideId "12929603"]
[BlackFideId "12963933"]
[EventCountry "GER"]
[EventRounds "7"]
[EventType "team-swiss"]
[EventDate "2012.12.26"]

1. e4 e5 2. Nf3 Nc6 3. Bc4 Nf6 4. Ng5 d5 5. exd5 Nd4 6. c3 Nf5 7. d6 Nxd6 8.
Bd3 e4 9. Qe2 Bf5 10. O-O Be7 11. Bc2 O-O 12. f3 Bd7 13. fxe4 Bb5 14. Bd3 Ndxe4
15. Nxe4 Nxe4 16. Bxb5 Bc5+ 17. d4 Nd6 18. dxc5 Nxb5 19. Qxb5 Qd5 20. Be3 Rfe8
21. Bf2 Re6 22. Qb3 Qh5 23. Qxb7 Rae8 24. Na3 Rh6 25. Qxc7 Rg6 26. Qd7 Rf8 27.
c6 Qf3 28. g3 Rxc6 29. Bc5 Qxf1+ 30. Rxf1 Rfc8 31. Re1 g6 32. Bd4 Kf8 33. Qe7+
Kg8 34. Qe8+ Rxe8 35. Rxe8# 1-0

[Event "DVM U14w 2012"]
[Site "Magdeburg GER"]
[Date "2012.12.30"]
[Round "7"]
[White "Bork, Sophie"]
[Black "Denkert, Anna"]
[Result "0-1"]
[Termination "normal"]
[Board "3.1"]
[WhiteElo "1525"]
[BlackElo "1655"]
[WhiteTeam "SV Welper 1922"]
[BlackTeam "SV Empor Berlin"]
[WhiteFideId "12905429"]
[BlackFideId "12938122"]
[EventCountry "GER"]
[EventRounds "7"]
[EventType "team-swiss"]
[EventDate "2012.12.26"]

1. e4 e5 2. Nf3 Nf6 3. Nxe5 d6 4. Nf3 Nxe4 5. Nc3 Nxc3 6. dxc3 Bg4 7. Bc4 Nc6
8. Bxf7+ Kxf7 9. Ng5+ Qxg5 10. Bxg5 Bxd1 11. Rxd1 Be7 12. Be3 Rhe8 13. O-O Bf6
14. Rfe1 Re6 15. Kf1 Rae8 16. g3 Kg6 17. h3 a6 18. a3 Na5 19. Bc1 Rxe1+ 20.
Rxe1 Rxe1+ 21. Kxe1 Bg5 22. f4 Be7 23. Ke2 d5 24. Kf3 Nc4 25. g4 Bd6 26. h4 a5
27. h5+ Kf6 28. Kg3 g5 29. hxg6 hxg6 30. Kf3 b5 31. Ke2 c5 32. Kf3 b4 33. axb4
cxb4 34. cxb4 Bxb4 35. c3 Bc5 36. b3 Nb6 37. Bb2 Nd7 38. c4+ Ke6 39. cxd5+ Kxd5
40. f5 gxf5 41. gxf5 Bd4 42. Ba3 Ne5+ 43. Ke2 Nc6 44. Kd2 Ba1 45. Kc1 Nd4 46.
b4 Nb3+ 47. Kb1 a4 48. Bb2 Bxb2 49. Kxb2 Kc4 50. Ka3 Kb5 51. f6 Nd4 52. f7 Ne6
53. Ka2 Kxb4 54. Kb2 a3+ 55. Ka2 Ka4 56. Ka1 Kb3 57. Kb1 a2+ 58. Ka1 Nd4 0-1

[Event "DVM U14w 2012"]
[Site "Magdeburg GER"]
[Date "2012.12.30"]
[Round "7"]
[White "Du, Katharina"]
[Black "Hütte, Sarah"]
[Result "1/2-1/2"]
[Termination "normal"]
[Board "3.2"]
[WhiteElo "1544"]
[BlackElo "1133"]
[WhiteTeam "SV Empor Berlin"]
[BlackTeam "SV Welper 1922"]
[WhiteFideId "12945757"]
[BlackFideId "12929611"]
[EventCountry "GER"]
[EventRounds "7"]
[EventType "team-swiss"]
[EventDate "2012.12.26"]

1. e4 d5 2. exd5 Nf6 3. Nc3 Nxd5 4. Bc4 c6 5. Bxd5 cxd5 6. d4 Nc6 7. Bf4 Bf5 8.
a3 a6 9. Nge2 e6 10. O-O Bd6 11. Re1 O-O 12. Bxd6 Qxd6 13. Ng3 Qf4 14. Nce2 Qg5
15. Nxf5 Qxf5 16. Ng3 Qf6 17. c3 Rac8 18. Re3 Qg6 19. Nh5 Qf5 20. Ng3 Qg6 21.
Nh5 Qf5 22. Rh3 Ra8 23. Ng3 Qg6 24. Nh5 Qf5 25. Ng3 Qg6 26. Qh5 Qxh5 27. Nxh5
g6 28. Nf6+ Kg7 29. Nxh7 Rh8 30. Ng5 Rxh3 31. Nxh3 Na5 32. Nf4 Nb3 33. Rd1 Rb8
34. Nd3 Na5 35. Nc5 Nc4 36. Nd3 Rc8 37. h3 Rc6 38. Ra1 a5 39. Ne5 Nxe5 40. dxe5
b5 41. Rd1 Rc4 42. Rd4 Rxd4 43. cxd4 Kf8 44. b4 axb4 45. axb4 Kg7 46. g4 Kh6
47. Kg2 Kg5 48. Kg3 Kh6 49. h4 Kh7 50. g5 Kg7 51. Kg4 Kh7 52. h5 Kg7 53. hxg6
fxg6 54. f4 Kf7 55. Kf3 1/2-1/2

[Event "DVM U14w 2012"]
[Site "Magdeburg GER"]
[Date "2012.12.30"]
[Round "7"]
[White "Schaller, Bettina"]
[Black "Berdin, Victoria"]
[Result "1-0"]
[Termination "normal"]
[Board "3.3"]
[WhiteElo "1175"]
[BlackElo "1382"]
[WhiteTeam "SV Welper 1922"]
[BlackTeam "SV Empor Berlin"]
[WhiteFideId "12929638"]
[EventCountry "GER"]
[EventRounds "7"]
[EventType "team-swiss"]
[EventDate "2012.12.26"]

1. d4 d5 2. Bf4 Nc6 3. e3 a6 4. c3 f6 5. Bd3 e5 6. Bg3 b5 7. b3 e4 8. Bc2 Be6
9. Ne2 Bd6 10. Bxd6 Qxd6 11. Nf4 f5 12. O-O Nf6 13. b4 h5 14. h4 Ng4 15. a4 Rb8
16. axb5 axb5 17. Nd2 Bf7 18. Re1 Ne7 19. f3 exf3 20. Nxf3 Qf6 21. Ng5 Ng6 22.
g3 Nf8 23. Kg2 Nd7 24. Qd2 Nb6 25. Ra7 Nc4 26. Qd3 Ngxe3+ 27. Rxe3+ Nxe3+ 28.
Qxe3+ Kd7 29. Qe5 Qxe5 30. dxe5 Bg8 31. Bxf5+ Kd8 32. Nfe6+ Bxe6 33. Nxe6+ Ke8
34. Rxc7 Rh6 35. Rxg7 Rb6 36. Bg6+ Rxg6 37. Rxg6 Kf7 38. Rh6 Rxe6 39. Rxe6 Kxe6
40. Kf3 Kxe5 41. g4 d4 42. cxd4+ Kxd4 43. gxh5 Kc4 44. h6 Kxb4 45. h7 Ka3 46.
h8=Q b4 47. h5 b3 48. h6 b2 49. Qxb2+ 1-0

[Event "DVM U14w 2012"]
[Site "Magdeburg GER"]
[Date "2012.12.30"]
[Round "7"]
[White "Klinge, Sabina"]
[Black "Sherif, Amina"]
[Result "0-1"]
[Termination "normal"]
[Board "4.1"]
[WhiteElo "1619"]
[BlackElo "1565"]
[WhiteTeam "TuRa Harksheide"]
[BlackTeam "SG Solingen"]
[WhiteFideId "12949590"]
[BlackFideId "12911690"]
[EventCountry "GER"]
[EventRounds "7"]
[EventType "team-swiss"]
[EventDate "2012.12.26"]

1. e4 c5 2. Nf3 d6 3. d4 cxd4 4. Nxd4 Nf6 5. Nc3 a6 6. f3 e6 7. Be3 Be7 8. Qd2
Nbd7 9. O-O-O Qc7 10. Nb3 b5 11. Kb1 b4 12. Ne2 d5 13. exd5 Nxd5 14. Bd4 N7f6
15. g4 e5 16. Bf2 Bb7 17. Bg2 O-O 18. h4 Rfd8 19. Qe1 Rac8 20. Na1 a5 21. h5 a4
22. Rc1 a3 23. Nb3 axb2 24. Kxb2 Ra8 25. Ra1 Rdc8 26. Qd2 Nd7 27. Bh4 Bxh4 28.
Rxh4 Ne3 29. Bh1 Nc4+ 0-1

[Event "DVM U14w 2012"]
[Site "Magdeburg GER"]
[Date "2012.12.30"]
[Round "7"]
[White "Reksten, Anne"]
[Black "Köhler, Inken"]
[Result "0-1"]
[Termination "normal"]
[Board "4.2"]
[WhiteElo "1660"]
[BlackElo "1482"]
[WhiteTeam "SG Solingen"]
[BlackTeam "TuRa Harksheide"]
[WhiteFideId "24692778"]
[BlackFideId "12929301"]
[EventCountry "GER"]
[EventRounds "7"]
[EventType "team-swiss"]
[EventDate "2012.12.26"]

1. c4 c6 2. g3 d5 3. cxd5 cxd5 4. d4 Nf6 5. Bg2 Bf5 6. Nc3 e6 7. a3 Nc6 8. e3
Be7 9. Nge2 O-O 10. O-O Re8 11. Nf4 h6 12. b3 Rc8 13. Bb2 Na5 14. Na4 Bc2 15.
Qe2 Nxb3 16. Ra2 Nxd4 17. Bxd4 Bxa4 18. Bxa7 Qa5 19. Bd4 Bb3 20. Raa1 Bc4 21.
Nd3 Qb5 22. Rfd1 Ra8 23. Bb2 Nd7 24. Qd2 Bxd3 25. Qxd3 Qxb2 26. Rdb1 Qf6 27.
Qb5 Nc5 28. a4 Qc3 29. a5 Qd3 30. Qxd3 Nxd3 31. Rxb7 Nc5 32. Rc7 Ra6 33. Bf1
Raa8 34. Bb5 Reb8 35. Bc6 Ra6 36. Rxe7 Rxc6 37. Rc1 Ra8 0-1

[Event "DVM U14w 2012"]
[Site "Magdeburg GER"]
[Date "2012.12.30"]
[Round "7"]
[White "Schramm, Anna-Lena"]
[Black "Kublanov, Carolin"]
[Result "1-0"]
[Termination "normal"]
[Board "4.3"]
[WhiteElo "1437"]
[BlackElo "1107"]
[WhiteTeam "TuRa Harksheide"]
[BlackTeam "SG Solingen"]
[WhiteFideId "12918237"]
[BlackFideId "12944548"]
[EventCountry "GER"]
[EventRounds "7"]
[EventType "team-swiss"]
[EventDate "2012.12.26"]

1. c4 e5 2. Nc3 Nc6 3. g3 Nf6 4. Bg2 Bc5 5. e3 O-O 6. Nge2 d6 7. O-O Be6 8. b3
Qd7 9. d4 exd4 10. exd4 Bb4 11. d5 Bg4 12. dxc6 Bxe2 13. Nxe2 bxc6 14. Nd4 Qg4
15. Bb2 Rad8 16. Nxc6 Qxd1 17. Rfxd1 Bc5 18. Nxd8 Rxd8 19. Bd4 Bxd4 20. Rxd4 c5
21. Rd3 Re8 22. Rxd6 h6 23. Ra6 Re7 24. Rd1 Ng4 25. h3 Ne5 26. Be4 g6 27. Ra5
f5 28. Bd5+ Kg7 29. Rxc5 Rd7 30. Re1 Kf6 31. Kg2 Nd3 32. Re6+ Kg5 33. Rcc6 Kh5
34. Bf3+ Kg5 35. Rxg6# 1-0

[Event "DVM U14w 2012"]
[Site "Magdeburg GER"]
[Date "2012.12.30"]
[Round "7"]
[White "Möller, Laura"]
[Black "Janke, Luisa"]
[Result "0-1"]
[Termination "normal"]
[Board "4.4"]
[WhiteElo "1017"]
[BlackElo "1200"]
[WhiteTeam "SG Solingen"]
[BlackTeam "TuRa Harksheide"]
[WhiteFideId "12911720"]
[BlackFideId "12925225"]
[EventCountry "GER"]
[EventRounds "7"]
[EventType "team-swiss"]
[EventDate "2012.12.26"]

1. c4 c6 2. Nc3 d5 3. b3 Nf6 4. g3 e5 5. e3 g6 6. Bg2 Bg7 7. d3 O-O 8. Bb2 Re8
9. Nge2 d4 10. exd4 exd4 11. Ne4 Nxe4 12. dxe4 Qa5+ 13. Kf1 d3 14. Bxg7 dxe2+
15. Qxe2 Kxg7 16. Rd1 Rd8 17. Qb2+ f6 18. Re1 Rd2 19. Qb1 Qc5 20. Re3 Qd4 21.
Ke1 Rb2 22. Qc1 Rxa2 23. Rc3 Qxf2+ 24. Kd1 Qe2# 0-1

[Event "DVM U14w 2012"]
[Site "Magdeburg GER"]
[Date "2012.12.30"]
[Round "7"]
[White "Nobis, Anna"]
[Black "Winterberg, Johanna"]
[Result "1-0"]
[Termination "normal"]
[Board "5.1"]
[WhiteElo "1708"]
[BlackElo "1327"]
[WhiteTeam "Chemnitzer SC Aufbau"]
[BlackTeam "SV Breitenworbis"]
[WhiteFideId "1270302"]
[BlackFideId "12929344"]
[EventCountry "GER"]
[EventRounds "7"]
[EventType "team-swiss"]
[EventDate "2012.12.26"]

1. e4 c5 2. Nc3 Nc6 3. g3 g6 4. Bg2 Bg7 5. d3 Nf6 6. f4 d6 7. Nf3 Bg4 8. O-O e6
9. h3 Bxf3 10. Qxf3 Nd4 11. Qf2 Rb8 12. g4 O-O 13. f5 b5 14. Be3 Ne8 15. Qd2
Nc7 16. Nd1 b4 17. Rc1 a5 18. c3 bxc3 19. bxc3 Ndb5 20. Bh6 a4 21. Bxg7 Kxg7
22. f6+ Kg8 23. Qh6 Ne8 24. g5 Nbc7 25. Rf4 Nxf6 26. gxf6 Ne8 27. Qg5 d5 28. e5
Ng7 29. Qh6 Nh5 30. Rh4 1-0

[Event "DVM U14w 2012"]
[Site "Magdeburg GER"]
[Date "2012.12.30"]
[Round "7"]
[White "Richardt, Angelina"]
[Black "Kempe, Anne"]
[Result "0-1"]
[Termination "normal"]
[Board "5.2"]
[WhiteElo "1244"]
[BlackElo "1713"]
[WhiteTeam "SV Breitenworbis"]
[BlackTeam "Chemnitzer SC Aufbau"]
[WhiteFideId "12938149"]
[BlackFideId "12918083"]
[EventCountry "GER"]
[EventRounds "7"]
[EventType "team-swiss"]
[EventDate "2012.12.26"]

1. e4 c5 2. Nc3 Nc6 3. d3 g6 4. Be3 Nd4 5. Nge2 Bg7 6. Qd2 d6 7. h4 h5 8. O-O-O
e6 9. Bf4 Ne7 10. Rg1 Nec6 11. Nxd4 Nxd4 12. Be3 Bd7 13. Bg5 Qb6 14. Be2 Qb4
15. Rde1 Nb5 16. Kd1 Nxc3+ 17. bxc3 Bxc3 18. Qf4 Qb1+ 19. Qc1 Qxc1+ 20. Kxc1
Bxe1 21. Rxe1 Rc8 22. Kd2 e5 23. Rb1 Rc7 24. c4 a6 25. Rb6 Bc6 26. Bf6 Rg8 27.
g3 Kd7 28. Bd1 Ke6 29. Bg5 f6 30. Be3 Rh7 31. a3 Kd7 32. a4 Kc7 33. a5 g5 34.
hxg5 fxg5 35. Bf3 Bd7 36. Kc3 h4 37. Rb2 h3 38. Bh1 Rf7 39. Rb6 Bg4 40. Kd2 Bf3
41. Rb1 g4 42. Kc3 Rgf8 43. Bxf3 Rxf3 44. Rf1 Rxe3 45. Kd2 Rxg3 0-1

[Event "DVM U14w 2012"]
[Site "Magdeburg GER"]
[Date "2012.12.30"]
[Round "7"]
[White "Lukin, Jana"]
[Black "Hendus, Isabelle"]
[Result "1/2-1/2"]
[Termination "normal"]
[Board "5.3"]
[WhiteElo "1203"]
[BlackElo "1290"]
[WhiteTeam "Chemnitzer SC Aufbau"]
[BlackTeam "SV Breitenworbis"]
[WhiteFideId "12963968"]
[BlackFideId "12964530"]
[EventCountry "GER"]
[EventRounds "7"]
[EventType "team-swiss"]
[EventDate "2012.12.26"]

1. e4 e5 2. Nf3 d6 3. Bc4 Be7 4. O-O Nf6 5. Nc3 O-O 6. d3 c6 7. d4 exd4 8. Qxd4
Nbd7 9. e5 dxe5 10. Nxe5 Nxe5 11. Qxe5 Bd6 12. Qe2 Re8 13. Qd3 Qc7 14. g3 Bh3
15. Rd1 Bc5 16. Bf4 Qe7 17. Bd6 Bxd6 18. Qxd6 Qxd6 19. Rxd6 Rad8 20. Rxd8 Rxd8
21. a4 Rd2 22. Bd3 c5 23. b3 Kf8 24. Re1 g6 25. Nb1 Rxd3 26. cxd3 Bf5 27. Rd1
Ke7 28. d4 Nd7 29. Na3 a6 30. Re1+ Kd6 1/2-1/2

[Event "DVM U14w 2012"]
[Site "Magdeburg GER"]
[Date "2012.12.30"]
[Round "7"]
[White "Diederich, Lena"]
[Black "Dietrich, Michelle"]
[Result "1/2-1/2"]
[Termination "normal"]
[Board "5.4"]
[WhiteElo "1219"]
[BlackElo "1071"]
[WhiteTeam "SV Breitenworbis"]
[BlackTeam "Chemnitzer SC Aufbau"]
[WhiteFideId "12964549"]
[EventCountry "GER"]
[EventRounds "7"]
[EventType "team-swiss"]
[EventDate "2012.12.26"]

1. e4 e5 2. Nf3 Nf6 3. Nc3 d6 4. d4 exd4 5. Nxd4 Be7 6. Bf4 O-O 7. h3 c5 8.
Ndb5 Nc6 9. Nxd6 Be6 10. e5 Nd7 11. Bb5 Qc7 12. O-O a6 13. Bxc6 Qxc6 14. Nde4
Rad8 15. Qf3 Bf5 16. Rac1 Qe6 17. Ng5 Nxe5 18. Qxb7 Bxg5 19. Bxg5 Rb8 20. Qa7
Qg6 21. f4 Nd7 22. Nd5 Qe6 23. Ne7+ Kh8 24. Nxf5 Qxf5 25. b3 Ra8 26. Qb7 h6 27.
Bh4 a5 28. Rf2 a4 29. Rd1 Nf6 30. Bxf6 Qxf6 31. Qd5 Rfd8 32. Qf3 Rxd1+ 33. Qxd1
axb3 34. cxb3 Rd8 35. Qf3 Qb6 36. a3 Rc8 37. Qc3 Rc7 38. Kh2 Qd6 39. g3 Qd4 40.
Qxd4 cxd4 41. Rd2 Rc3 42. Rxd4 Rxb3 43. a4 Ra3 44. Rd8+ Kh7 45. Ra8 Kg6 46. a5
Kf6 47. a6 Kf5 48. a7 Kf6 49. h4 h5 50. Kh3 g6 1-0

[Event "DVM U14w 2012"]
[Site "Magdeburg GER"]
[Date "2012.12.30"]
[Round "7"]
[White "Kluge, Leyla"]
[Black "Nguyen, Ha Thanh"]
[Result "1/2-1/2"]
[Termination "normal"]
[Board "6.1"]
[WhiteElo "1436"]
[BlackElo "1299"]
[WhiteTeam "USG Chemnitz"]
[BlackTeam "SV Empor Erfurt"]
[WhiteFideId "12918172"]
[BlackFideId "12942154"]
[EventCountry "GER"]
[EventRounds "7"]
[EventType "team-swiss"]
[EventDate "2012.12.26"]

1. c4 e5 2. Nc3 Nc6 3. g3 Nf6 4. Bg2 d6 5. d3 Be7 6. Nf3 Bf5 7. O-O O-O 8. a3
Qd7 9. b4 a6 10. Bb2 Bh3 11. Qc2 Bxg2 12. Kxg2 h6 13. Rac1 Rac8 14. Nd5 Nxd5
15. cxd5 Na7 16. Qc4 Qb5 17. Qxb5 Nxb5 18. a4 Na7 19. Rc2 c6 20. Rfc1 cxd5 21.
Rc7 Bf6 22. Ba3 Rxc7 23. Rxc7 Rb8 24. Rd7 Nc8 25. Nd2 Nb6 26. Rxd6 Nxa4 27. Kf3
Rd8 28. Rxd8+ Bxd8 29. e4 dxe4+ 30. Nxe4 Bc7 31. g4 f6 32. Ke3 Kf7 33. Kd2 Ke6
34. Ng3 g6 35. h3 b5 36. Kc2 f5 37. Bc1 f4 38. Ne4 Bd8 39. Bd2 Bh4 40. Bc3 Kd5
41. Ba1 Bd8 42. Nd2 Bb6 43. Ne4 Bd8 44. Nd2 Bb6 45. Ne4 Bd8 46. Nd2 Bb6 47. Ne4
1/2-1/2

[Event "DVM U14w 2012"]
[Site "Magdeburg GER"]
[Date "2012.12.30"]
[Round "7"]
[White "Allin, Katharina"]
[Black "Graf, Pia"]
[Result "0-1"]
[Termination "normal"]
[Board "6.2"]
[WhiteElo "1286"]
[BlackElo "1475"]
[WhiteTeam "SV Empor Erfurt"]
[BlackTeam "USG Chemnitz"]
[WhiteFideId "12903779"]
[BlackFideId "12917737"]
[EventCountry "GER"]
[EventRounds "7"]
[EventType "team-swiss"]
[EventDate "2012.12.26"]

1. e4 e6 2. d4 d5 3. Nc3 Bb4 4. e5 c5 5. a3 cxd4 6. Qxd4 Nc6 7. Bb5 Bf8 8. Qd1
Bd7 9. Nf3 Nge7 10. Bxc6 Nxc6 11. Bf4 Qc7 12. O-O a6 13. Re1 Bc5 14. Qd2 Ne7
15. Rac1 Ng6 16. Bg3 O-O 17. Ne2 Qd8 18. c4 dxc4 19. Rxc4 Bb6 20. Nf4 Ne7 21.
Bh4 h6 22. Nh5 Bb5 23. Rg4 Qxd2 24. Nxd2 Ng6 25. Bg3 Rfd8 26. Ne4 Rd4 27. h3
Bc6 28. Nd6 Rxg4 29. hxg4 Bc7 30. Rd1 Rd8 31. Kf1 Kf8 32. Ke2 Bd5 33. f3 f6 34.
Ne4 Bc4+ 35. Ke1 Rxd1+ 36. Kxd1 Nxe5 37. Bxe5 Bxe5 38. Nc5 Bxb2 39. Nxb7 Bxa3
40. Na5 Bf1 41. Nf4 e5 42. Ke1 Bxg2 43. Nxg2 Bb4+ 44. Ke2 Bxa5 45. Ne3 Bb4 46.
Nf5 a5 0-1

[Event "DVM U14w 2012"]
[Site "Magdeburg GER"]
[Date "2012.12.30"]
[Round "7"]
[White "Schulz, Theresa Charlotte"]
[Black "Belusa, Laura Sophie"]
[Result "1/2-1/2"]
[Termination "normal"]
[Board "6.4"]
[WhiteElo "964"]
[BlackElo "1023"]
[WhiteTeam "SV Empor Erfurt"]
[BlackTeam "USG Chemnitz"]
[WhiteFideId "12952206"]
[BlackFideId "12964522"]
[EventCountry "GER"]
[EventRounds "7"]
[EventType "team-swiss"]
[EventDate "2012.12.26"]

1. e4 e5 2. Nf3 Nc6 3. Bc4 Bc5 4. Qe2 a6 5. d3 d6 6. Nc3 Nf6 7. O-O Be6 8. Bb3
Bxb3 9. axb3 h6 10. Be3 Bb6 11. Rfd1 d5 12. Na4 d4 13. Nxb6 cxb6 14. Bd2 O-O
15. c3 b5 16. Nh4 Ne7 17. Qf3 Qd6 18. Qg3 Nh5 19. Qg4 g5 20. Qxh5 gxh4 21. Bxh6
Rfc8 22. Qg4+ Qg6 23. Qxg6+ fxg6 24. cxd4 exd4 25. Bg5 Nc6 26. Bxh4 Nb4 27. Bf6
Nc6 28. Rac1 Na5 29. b4 Rxc1 30. Rxc1 Nb3 31. Re1 Kf7 32. Bg5 b6 33. e5 Ke6 34.
g4 a5 35. bxa5 bxa5 36. h4 b4 37. h5 gxh5 38. gxh5 a4 39. h6 a3 40. Bf6 axb2
41. h7 Ra1 42. Rxa1 bxa1=Q+ 43. Kg2 Qa8+ {es folgt h8(D) Dxh8 Lxh8} 1/2-1/2

[Event "DVM U14w 2012"]
[Site "Magdeburg GER"]
[Date "2012.12.30"]
[Round "7"]
[White "Neumann, Isabel"]
[Black "Titgemeyer, Eva Maria"]
[Result "0-1"]
[Termination "normal"]
[Board "7.1"]
[WhiteElo "1422"]
[BlackElo "1622"]
[WhiteTeam "SV 1919 Grimma"]
[BlackTeam "SG Porz"]
[WhiteFideId "12964468"]
[BlackFideId "24655350"]
[EventCountry "GER"]
[EventRounds "7"]
[EventType "team-swiss"]
[EventDate "2012.12.26"]

1. e4 e5 2. Nf3 Nc6 3. d4 exd4 4. Bc4 Bc5 5. O-O d6 6. Ng5 Ne5 7. Bb5+ c6 8. f4
h6 9. fxe5 hxg5 10. Bc4 d5 11. Qf3 Qe7 12. exd5 g4 13. d6 gxf3 14. dxe7 d3+ 15.
Rf2 Bxf2+ 16. Kxf2 dxc2 17. Na3 fxg2 18. Bg5 Nxe7 19. Nxc2 Rxh2 20. Kg3 g1=Q+
21. Rxg1 Rxc2 22. Bb3 Rc5 23. Rf1 Be6 24. Rh1 Ng6 25. Bxe6 fxe6 26. Rd1 Rd5 27.
Rh1 a5 0-1